00525nam a22001817a 450000500170000000800410001702000180005804100080007608000080008410000180009224500400011026000540015030000390020450500260024363000270026965000160029665000310031220150331044801.0070608s2004 caua 001 0 eng d a97800722535110 aeng a0041 aLoney, Kevin.10aOracle Database 10g :cKevin Loney. aEmeryville, Calif. :bMcGraw-Hill/Osborne,c2004. a1369 f. :bme il.;c24 cm. +e1 CD2 aIndex: f. 1331 - 136900aOracle (Computer file) aKompjuterat aBaza e të të dhënave